=LDR 00000nam 2200000 4500 =001 INLIS000000000008155 =005 20200810071331 =035 ##$$a 0010-061300000008155 =008 200810################g##########0#ind## =041 ##$$a Ind =082 ##$$a 2x5.1 =090 ##$$a 2x5.1, Kay d =100 ##$$a Kaysi, Marwan Ibrahim =245 1#$$a Dibawah bimbingan Ilahi : $b Tuntunan praktis akhlak muslim /$c DR. Marwan Ibrahim Al-Kaysi =260 ##$$a Bandung :$b Pustaka Hidayah,$c 2001 =300 ##$$a 194 hlm. ; $c 12,5x18 cm. =650 #4$$a Akhlak =084 ##$$a 2x5.1 KAY d =504 ##$$a Bibliografi : hlm.193 - 194 =990 ##$$a 170.308/Pro.2002 =990 ##$$a 170.309/Pro.2002 =990 ##$$a 170.310/Pro.2002